Mỗi Ngày Tiết Kiệm Một Giờ

Đã lưu trong:
Chi tiết về thư mục
Tác giả chính: Michael Heppell
Định dạng: Sách
Ngôn ngữ:Vietnamese
Được phát hành: TR 2014
Các nhãn: Thêm thẻ
Không có thẻ, Là người đầu tiên thẻ bản ghi này!
Thư viện lưu trữ: Mạng thư viện Đại học Đà Nẵng
LEADER 00614nam a2200277 4500
001 000025766
003 132
005 20150204120000.0
008 150204s vm 000 vie
020 |c 57000,0000 
040 |a D1 
100 |a Michael Heppell 
245 |a Mỗi Ngày Tiết Kiệm Một Giờ 
260 |b TR  |c 2014 
300 |a 187tr. ; 
OWN |a LTT 
999 |a From the UDN01 
TYP |a Monograph 
TYP |a Printed language 
980 |a Mạng thư viện Đại học Đà Nẵng